| 000 | 00598nam a2200181 a 4500 | ||
|---|---|---|---|
| 005 | 20240919064123.0 | ||
| 008 | 991125s1990 mx 000 0 spa u | ||
| 020 | _a9688054593 | ||
| 035 | _aUPN01000011220 | ||
| 049 | _aF | ||
| 050 | 4 |
_aKGC303 _bN8.3 no.4 |
|
| 245 | 0 | 0 | _aConstitución política de los Estados Unidos Mexicanos de 1917. |
| 260 |
_aMéxico : _bINEHRM, _c1990. |
||
| 300 |
_a46 p. : _bil. |
||
| 440 | 0 |
_aNuestra Constitución : historia de la libertad y soberanía del pueblo mexicano. _pCuaderno ; _v4 |
|
| 610 | 1 | 2 |
_aMéxico. _tConstitución política (1917) _927956 |
| 905 | _aLibro | ||
| 999 |
_c11220 _d11220 |
||